I Can't Remember - 5 Seconds of Summer (All Lyrics) - Statistics

General Stats
  • This quiz has been taken 162 times
  • The average score is 258 of 366
Answer Stats
I Can't Remember % Correct
I
98%
you
95%
the
94%
your
93%
a
92%
what
91%
my
90%
can
89%
go
87%
to
87%
To
87%
girl
85%
Chorus Last
85%
last
85%
me
85%
Who
84%
dad's
83%
yellow
83%
be
82%
name
82%
night
82%
can't
81%
Can't
81%
number?
81%
number
81%
pretty
81%
Pretty
81%
remember
81%
up
81%
her
80%
keys
80%
got
79%
Hummer
79%
this
79%
was
79%
blur
77%
what's
77%
woke
77%
if
76%
If
76%
an
75%
get
75%
mess
75%
next
75%
from
74%
Verse 1 Hey
74%
made
74%
better
73%
than
72%
and
71%
doesn't
71%
but
70%
But
70%
call
69%
It
69%
it
69%
lying
69%
there
69%
wanna
69%
She
68%
so
67%
see
66%
texts
66%
mom
65%
come
64%
party
64%
we
64%
late
63%
Phone
63%
phone
63%
amazing
62%
been
62%
There's
62%
25
61%
cause
61%
good
61%
later
60%
bar
59%
Alright
58%
Damn
58%
damn
58%
he'll
56%
hell
56%
tonight
56%
found
55%
look
55%
must've
54%
cool
53%
mates
53%
rings
52%
say
52%
minute
51%
took
51%
wait
51%
where's
51%
Bridge Bro
50%
way
50%
acting
49%
I've
49%
lost
49%
shirt?
48%
oh
47%
couple
46%
that
46%
long
45%
songs
45%
til'
45%
happened
44%
Wrapped
44%
headed
43%
of
43%
don't
41%
out
41%
Wasn't
41%
boss
40%
killing
38%
shit
36%
head's
35%
mine
35%
headache?
33%
need
33%
neighbour's
33%
she's
33%
well
33%
anyway?
32%
house
32%
with
32%
care
31%
freaking
31%
pictures
31%
posted
31%
status
31%
past
30%
sees
30%
streaking
29%
deal
28%
how
28%
aspirin
27%
figure
26%
Now
26%
Ah
25%
biggest
25%
steps
22%
tryna
21%
Verse 2 Retraced
20%
did
19%
searched
19%
No matching quizzes found
Score Distribution
Percent of People with Each Score
Percentile by Number Answered
Your Score History
You have not taken this quiz